000 01509nam a2200361 i 4500
001 000023779
003 DO-SdBNP
005 20260312121612.0
007 ta
008 110113s1987 dr 000 0 spa d
040 _aDO-SdBNP
_bspa
_cBNPHU
_erda
041 _aspa
082 4 _a320.56
_bF335c
_222
100 1 _aFennema, Meindert,
_d1946-
_eautor
_4aut.
_913175
245 1 3 _aLa construcción de raza y nación en la República Dominicana /
_cMeindert Fennema, Troetje Loewenthal ; presentación, Carlos Doré Cabral.
264 1 _aSanto Domingo :
_bUASD,
_c1987.
300 _a69 páginas ;
_c21 cm.
336 _atexto
_btxt
_2rdacontent
337 _asin mediación
_bn
_2rdamedia
338 _avolumen
_bnc
_2rdacarrier
490 1 _aPublicaciones de la Universidad Autónoma de Santo Domingo
_v574
490 1 _aHistoria y Sociedad
_v77
500 _aIncluye datos biográficos de los autores en la contracubierta.
500 _aIncluye referencias bibliográficas y notas al pie de las páginas.
590 _aInventariado, 2018/ YL
650 4 _aNacionalismo
_xRepública dominicana
_910966
650 4 _aDiscriminación racial
_zRepública Dominicana
_xEnsayos, conferencias, etc.
_92280
700 1 _aLoewenthal, Troetje,
_d1944-
_eautor
_4aut.
_948947
700 1 _aDore y Cabral, Carlos,
_epresentación
_96975
830 0 _aPublicaciones de la Universidad Autónoma de Santo Domingo
_n574
_pHistoria y Sociedad
_v77
_948948
910 _aValidado. Control de calidad EMS
942 _2ddc
_cLBS1
999 _c23275
_d23275